[Event "Ulaanbaatar MICA op"]
[Site "Ulaanbaatar"]
[Date "2023.11.01"]
[Round "6"]
[White "Enkhrii, Enkh Amgalan"]
[Black "Batsaikhan, Begz"]
[Result "1-0"]
[WhiteElo "1875"]
[BlackElo "2007"]
[PlyCount "95"]
[EventDate "2023.10.27"]
[EventType "swiss"]
[EventRounds "9"]
[EventCountry "MGL"]
[SourceTitle "CB48_2023"]
[SourceDate "2023.11.29"]
[SourceVersion "1"]
[SourceVersionDate "2023.11.29"]
[SourceQuality "1"]

1. e4 c5 2. Nf3 d6 3. d4 cxd4 4. Nxd4 Nf6 5. Nc3 a6 6. Bg5 e6 7. Qf3 Nbd7 8. 0-0-0 Qc7 9. Qg3 h6 10. Bxf6 Nxf6 11. f4 e5 12. fxe5 dxe5 13. Nf3 Bg4 14. Nd5 Nxd5 15. Rxd5 Be6 16. Rxe5 Bd6 17. Qxg7 0-0-0 18. Bd3 Rhg8 19. Qf6 Rg6 20. Rxe6 Rxf6 21. Rxf6 Be7 22. Rxf7 Rxd3 23. Rxe7 Qf4+ 24. Kb1 Re3 25. e5 Re2 26. Rg7 Qe4 27. Rc1 b5 28. e6 Kd8 29. a3 Ke8 30. h3 h5 31. Rg5 Ke7 32. Re5 Qxe5 33. Nxe5 Rxe5 34. c4 Kxe6 35. cxb5 axb5 36. g3 Kd5 37. Ka2 Re4 38. Kb3 Rd4 39. Rc3 Re4 40. Rc8 Re3+ 41. Kb4 Rxg3 42. Rc5+ Kd4 43. Rxh5 Rg2 44. b3 Rg3 45. Rxb5 Rxh3 46. a4 Kd3 47. Rc5 Rh8 48. a5 1-0